000 00318nam a22001337a 4500
008 171002b xxu||||| |||| 00| 0 eng d
020 _a9780312443184
041 _aeng
080 _23 ED
_a37
100 _a47
101 _aEDU
245 _aSPEAKERS GUIDEBOOK TEXT AND REFERNCE
_cSTEWART.R
942 _2udc
_cBK
999 _c31093
_d31093